| 000 | 005900000a22001810004500 | ||
|---|---|---|---|
| 003 | MACL | ||
| 005 | 20160513141846.0 | ||
| 008 | 160513b xxu||||| |||| 00| 0 eng d | ||
| 040 |
_aMACL _cMACL |
||
| 041 | _aHindi | ||
| 082 | _a891.432 | ||
| 100 |
_aरवांल्टा, महावीर _956763 |
||
| 245 |
_aसफेद घोडे का सवार _cमहावीर रवांल्टा |
||
| 260 |
_bइण्डियन बुक बैंक _c2006 _aदिल्ली |
||
| 350 | _a100 | ||
| 650 |
_aDrama _956764 |
||
| 942 |
_cHIN _k891.432/RAW _2ddc |
||
| 999 |
_c42010 _d42010 |
||